[Event "TUR-chT 2nd League"]
[Site "Denizli"]
[Date "2023.07.15"]
[Round "9.166"]
[White "Akbaba, Cinar"]
[Black "Senyuz, Mustafa Zorbey"]
[Result "0-1"]
[WhiteElo "1184"]
[BlackElo "1786"]
[PlyCount "78"]
[EventDate "2023.07.09"]
[EventType "team-swiss"]
[EventRounds "9"]
[EventCountry "TUR"]
[SourceTitle "CBM 215 Extra"]
[Source "ChessBase"]
[SourceDate "2023.09.30"]
[SourceVersion "1"]
[SourceVersionDate "2023.09.30"]
[SourceQuality "1"]
[WhiteTeam "Marmara Universitesi"]
[BlackTeam "Ordu Gul Bahcesi"]
[WhiteTeamCountry "TUR"]
[BlackTeamCountry "TUR"]

1. e4 e5 2. Nf3 Nc6 3. Bc4 Nf6 4. Ng5 d5 5. exd5 Na5 6. d3 h6 7. Nf3 Bd6 8. Bd2 Nxc4 9. dxc4 Bg4 10. h3 Bh5 11. Be3 e4 12. g4 Nxg4 13. hxg4 Bxg4 14. Nbd2 exf3 15. c3 Qd7 16. Qb3 Bh3 17. 0-0-0 Bg2 18. Rhe1 0-0 19. Ne4 b6 20. Bxh6 Rae8 21. Bd2 f5 22. Nxd6 Qxd6 23. Qb5 Re2 24. Be3 f4 25. Bd4 Qg6 26. Qb3 Rfe8 27. Rg1 Qf7 28. Rd2 g5 29. Rdd1 g4 30. Rh1 Bxh1 31. Rxh1 Re1+ 32. Rxe1 Rxe1+ 33. Kd2 Qe7 34. Be3 Re2+ 35. Kd1 fxe3 36. c5 exf2 37. d6+ Kg7 38. Qg8+ Kxg8 39. dxe7 f1R# 0-1

[Event "TUR-chT 2nd League"]
[Site "Konya"]
[Date "2022.08.28"]
[Round "9.10"]
[White "Senyuz, Mustafa Zorbey"]
[Black "Ekinci, Berkay"]
[Result "0-1"]
[WhiteElo "1806"]
[BlackElo "1960"]
[PlyCount "54"]
[EventDate "2022.08.22"]
[EventType "team-swiss"]
[EventRounds "9"]
[EventCountry "TUR"]
[SourceTitle "CBM 210 Extra"]
[Source "ChessBase"]
[SourceDate "2022.11.30"]
[SourceVersion "1"]
[SourceVersionDate "2022.11.30"]
[SourceQuality "1"]
[WhiteTeam "Gulbahcesi Egitim"]
[BlackTeam "Istanbul Sisli"]
[WhiteTeamCountry "TUR"]
[BlackTeamCountry "TUR"]

1. e4 c5 2. Nf3 Nc6 3. d4 cxd4 4. Nxd4 g6 5. Nc3 Bg7 6. Be3 Nf6 7. Bc4 0-0 8. Bb3 d6 9. f3 Qa5 10. Qd2 Nxd4 11. Bxd4 Be6 12. 0-0-0 b5 13. h4 Bxb3 14. cxb3 b4 15. Na4 Rfd8 16. Kb1 e5 17. Be3 d5 18. exd5 Rxd5 19. Qe2 e4 20. Rd4 Rxd4 21. Bxd4 Qf5 22. Ka1 Re8 23. Bxa7 Nd5 24. Re1 e3 25. Qb5 Rc8 26. Bc5 Qc2 27. Qc4 Rxc5 0-1

[Event "TUR-chT 2nd League"]
[Site "Konya"]
[Date "2022.08.23"]
[Round "2.11"]
[White "Senyuz, Mustafa Zorbey"]
[Black "Kocakaplan, Emre"]
[Result "0-1"]
[WhiteElo "1806"]
[BlackElo "1790"]
[PlyCount "84"]
[EventDate "2022.08.22"]
[EventType "team-swiss"]
[EventRounds "9"]
[EventCountry "TUR"]
[SourceTitle "CBM 210 Extra"]
[Source "ChessBase"]
[SourceDate "2022.11.30"]
[SourceVersion "1"]
[SourceVersionDate "2022.11.30"]
[SourceQuality "1"]
[WhiteTeam "Gulbahcesi Egitim"]
[BlackTeam "Sakarya Satranc"]
[WhiteTeamCountry "TUR"]
[BlackTeamCountry "TUR"]

1. e4 e5 2. Nf3 Nc6 3. Bb5 a6 4. Ba4 Nf6 5. d3 b5 6. Bb3 Be7 7. 0-0 0-0 8. c3 d6 9. h3 Na5 10. Bc2 c5 11. Re1 Qc7 12. Nbd2 Rd8 13. d4 cxd4 14. cxd4 exd4 15. Nxd4 Bb7 16. N2f3 h6 17. Bf4 Nc4 18. b3 Ne5 19. Rc1 Rac8 20. Nf5 Bf8 21. Bb1 Qa5 22. Qd4 Nxf3+ 23. gxf3 Rxc1 24. Rxc1 Rc8 25. b4 Qa3 26. Rxc8 Bxc8 27. Nxd6 Qxf3 28. e5 Bxh3 29. Be4 Nxe4 30. Qxe4 Qxe4 31. Nxe4 Bxb4 32. Be3 Be6 33. Bc5 Bxc5 34. Nxc5 a5 35. a3 b4 36. axb4 axb4 37. Kf1 b3 38. Na4 Kh7 39. f4 Kg6 40. Kf2 Kf5 41. Kf3 g5 42. fxg5 hxg5 0-1

[Event "TUR-chT Clubs"]
[Site "Konya"]
[Date "2019.07.21"]
[Round "9.9"]
[White "Senyuz, Mustafa Zorbey"]
[Black "Kesgin, Halit Kaan"]
[Result "1/2-1/2"]
[WhiteElo "1754"]
[BlackElo "2104"]
[PlyCount "160"]
[EventDate "2019.07.16"]
[EventType "team-swiss"]
[EventRounds "9"]
[EventCountry "TUR"]
[SourceTitle "CBM 191 Extra"]
[Source "ChessBase"]
[SourceDate "2019.09.30"]
[SourceVersion "1"]
[SourceVersionDate "2019.09.30"]
[SourceQuality "1"]
[WhiteTeam "Yalova Beyaz Fil"]
[BlackTeam "Kalite Dernegi"]
[WhiteTeamCountry "TUR"]
[BlackTeamCountry "TUR"]

1. d4 d5 2. Bf4 Nf6 3. e3 c5 4. Nf3 Nc6 5. c3 Qb6 6. Qb3 c4 7. Qc2 Bf5 8. Qc1 h6 9. h3 e6 10. Nbd2 Qd8 11. Be2 Bd6 12. Ne5 Qc7 13. Nxc6 Bxf4 14. exf4 bxc6 15. Nf3 0-0 16. 0-0 Rab8 17. Bd1 c5 18. dxc5 Qxc5 19. Bc2 Bxc2 20. Qxc2 Ne4 21. Rfd1 Rb7 22. Nd4 Rfb8 23. Rab1 Qd6 24. g3 Qc5 25. Kg2 Rb6 26. f3 Nd6 27. Re1 Qa5 28. b3 cxb3 29. axb3 Rc8 30. b4 Qa3 31. Rb3 Qa4 32. f5 exf5 33. Nxf5 Nxf5 34. Qxf5 Rd8 35. Reb1 Qa2+ 36. Kg1 Qd2 37. R1b2 Rf6 38. Qc2 Qxc2 39. Rxc2 Rxf3 40. Kg2 Rd3 41. Ra2 Rc8 42. Rxa7 Rcxc3 43. Rxc3 Rxc3 44. Rd7 Rb3 45. Rxd5 Rxb4 46. Rd7 g6 47. Kf3 Kg7 48. Rd6 Rb3+ 49. Kf4 Rb1 50. h4 h5 51. Kf3 Re1 52. Ra6 Re6 53. Ra7 Kf6 54. Kf4 Rb6 55. Ra4 Rb3 56. Ra6+ Kg7 57. Ra7 Rb6 58. Rc7 Rf6+ 59. Ke3 Rf5 60. Ra7 Kh6 61. Ra6 f6 62. Ke4 Rf1 63. Ra5 g5 64. hxg5+ fxg5 65. Rf5 Rxf5 66. Kxf5 g4 67. Kf4 Kg6 68. Ke3 Kg5 69. Kf2 Kf5 70. Kf1 Ke5 71. Ke1 Kd5 72. Kd1 Kc5 73. Ke1 Kc4 74. Ke2 Kd4 75. Kd2 Ke4 76. Ke2 Kf5 77. Kf1 Kg5 78. Kf2 h4 79. gxh4+ Kxh4 80. Kg2 g3 1/2-1/2

[Event "TUR-chT Clubs"]
[Site "Konya"]
[Date "2019.07.17"]
[Round "3.7"]
[White "Senyuz, Mustafa Zorbey"]
[Black "Celik, Berkay"]
[Result "1-0"]
[WhiteElo "1754"]
[BlackElo "1876"]
[PlyCount "89"]
[EventDate "2019.07.16"]
[EventType "team-swiss"]
[EventRounds "9"]
[EventCountry "TUR"]
[SourceTitle "CBM 191 Extra"]
[Source "ChessBase"]
[SourceDate "2019.09.30"]
[SourceVersion "1"]
[SourceVersionDate "2019.09.30"]
[SourceQuality "1"]
[WhiteTeam "Yalova Beyaz Fil"]
[BlackTeam "Akcakoca Esentepe Okulu"]
[WhiteTeamCountry "TUR"]
[BlackTeamCountry "TUR"]

1. e4 e6 2. d4 d5 3. Nd2 Nf6 4. e5 Nfd7 5. Bd3 c5 6. c3 Nc6 7. Ne2 Qb6 8. Nf3 g6 9. a3 Bg7 10. b4 cxd4 11. cxd4 0-0 12. Be3 f6 13. exf6 Nxf6 14. h3 Nh5 15. 0-0 Bd7 16. Rc1 Rxf3 17. gxf3 Rf8 18. Rc5 Qd8 19. b5 Ne7 20. Qd2 Nf5 21. Bxf5 Rxf5 22. Ng3 Rxf3 23. Kg2 Nxg3 24. fxg3 Rxf1 25. Kxf1 Bf8 26. Rc2 Bxb5+ 27. Kg2 Bc4 28. Bg5 Qb6 29. Qf4 Qd6 30. Qe3 Bg7 31. Rf2 e5 32. Qf3 Qe6 33. dxe5 d4 34. Qf4 Qxe5 35. Qc1 Qe4+ 36. Kh2 d3 37. Bd2 Be5 38. Bh6 Bg7 39. Bxg7 Kxg7 40. Qc3+ Kh6 41. Qd2+ g5 42. Qc3 Kh5 43. Qf6 Qg6 44. g4+ Kh6 45. Qf8+ 1-0